000 00521nam a2200169Ia 4500
008 090201s9999 xx 000 0 und d
010 _aKPL-48925
040 _bमराठी
041 _aमराठी
082 _a51077
_b48925
100 _aबाबा कदम
245 _aअॅक्युज्ड नं.2
_cबाबा कदम
260 _c2006
_bशशिदीप प्रकाशन
300 _a276
_bमध्यम
600 _aअॅक्युज्ड नं.2
942 _cBOOK
999 _c247559
_d247559